000 00837nam a22002777a 4500
001 BR2020000192
003 BR-BrBNA
005 20230928105506.0
007 ta
008 230509b bl.||||| |||| 00| 0 por d
040 _aBR-BrBNA
_bpor
_cBiblioteca Nacional de Agricultura
041 _a(Por)
072 _aL70; L73; L72
_b3910
_b3889
090 _ 3910 BR2020000192
100 1 _aPaiva Netto, J.V.
245 1 _aAntibióticos e quimioterápicos em medicina veterinária
260 3 _aSão Paulo, SP (Brasil):
_bAtheneu,
_c[nd].
300 _a189 p.
500 _aPublished 1989?; Includes several bibliographies; 8 illus.; 9 tables; 1 graph
650 _aANTIBIÓTICO
650 _aFARMACOLOGIA
650 _aMEDICINA VETERINÁRIA
650 _aSANIDADE ANIMAL
909 _a202309
_bLucia
_c55
_dLucia Elande
942 _cBK
999 _c85376
_d85376